[Event "TeamRussiamenrapid"]
[Site "?"]
[Date "2016.10.05"]
[Round "3.16"]
[White "Gochelashvili, David"]
[Black "Oganian, Miran"]
[Result "1/2-1/2"]
[LiveChessVersion "1.4.4"]
[BlackElo "2480"]
[WhiteElo "2445"]

1. d4 {[%clk 0:15:14]} Nf6 {[%clk 0:15:16]} 2. Bf4 {[%clk 0:15:11]} e6
{[%clk 0:15:17]} 3. e3 {[%clk 0:15:12]} Be7 {[%clk 0:15:16]} 4. h3
{[%clk 0:15:18]} O-O {[%clk 0:15:20]} 5. Nf3 {[%clk 0:15:25]} c5 {[%clk 0:15:27]}
6. c3 {[%clk 0:15:34]} b6 {[%clk 0:15:35]} 7. Bd3 {[%clk 0:15:27]} Ba6
{[%clk 0:15:22]} 8. O-O {[%clk 0:15:24]} Bxd3 {[%clk 0:15:01]} 9. Qxd3
{[%clk 0:15:32]} Nc6 {[%clk 0:14:15]} 10. Nbd2 {[%clk 0:15:40]} d5
{[%clk 0:14:02]} 11. Ne5 {[%clk 0:14:51]} Qc8 {[%clk 0:12:46]} 12. Rfe1
{[%clk 0:14:04]} Qb7 {[%clk 0:11:59]} 13. a3 {[%clk 0:12:35]} Rfd8
{[%clk 0:10:18]} 14. Rac1 {[%clk 0:09:47]} Bd6 {[%clk 0:08:22]} 15. Nxc6
{[%clk 0:07:14]} Qxc6 {[%clk 0:08:28]} 16. Bg5 {[%clk 0:07:23]} Be7
{[%clk 0:07:33]} 17. Qa6 {[%clk 0:07:06]} Qc8 {[%clk 0:07:03]} 18. Qb5
{[%clk 0:06:41]} Qc7 {[%clk 0:07:01]} 19. c4 {[%clk 0:05:40]} cxd4
{[%clk 0:05:49]} 20. cxd5 {[%clk 0:05:33]} Qe5 {[%clk 0:05:53]} 21. Nf3
{[%clk 0:05:16]} Qxd5 {[%clk 0:05:12]} 22. Nxd4 {[%clk 0:05:24]} Qxb5
{[%clk 0:04:09]} 23. Nxb5 {[%clk 0:05:32]} Rd2 {[%clk 0:03:08]} 24. Rc7
{[%clk 0:02:47]} Rxb2 {[%clk 0:02:45]} 25. Rxe7 {[%clk 0:02:04]} Rxb5
{[%clk 0:02:24]} 26. Bxf6 {[%clk 0:02:13]} gxf6 {[%clk 0:02:33]} 27. Rc1
{[%clk 0:02:21]} Ra5 {[%clk 0:01:03]} 28. Rcc7 {[%clk 0:02:25]} Rf8
{[%clk 0:01:12]} 29. Rxa7 {[%clk 0:02:31]} Rxa7 {[%clk 0:01:21]} 30. Rxa7
{[%clk 0:02:40]} Rc8 {[%clk 0:01:29]} 31. g4 {[%clk 0:02:01]} b5 {[%clk 0:01:00]}
32. Kg2 {[%clk 0:01:59]} Rb8 {[%clk 0:00:57]} 33. Kg3 {[%clk 0:01:42]} Kg7
{[%clk 0:01:03]} 34. Rc7 {[%clk 0:01:31]} b4 {[%clk 0:01:03]} 35. axb4
{[%clk 0:01:35]} Rxb4 {[%clk 0:01:12]} 36. Ra7 {[%clk 0:01:40]} 1/2-1/2

[Event "TeamRussiamenrapid"]
[Site "?"]
[Date "2016.10.05"]
[Round "3.17"]
[White "Moskalenko, Alexander"]
[Black "Tekeyev, Zaur"]
[Result "1/2-1/2"]
[LiveChessVersion "1.4.4"]
[BlackElo "2443"]
[WhiteElo "2494"]

1. c4 {[%clk 0:15:18]} e5 {[%clk 0:15:17]} 2. Nc3 {[%clk 0:15:24]} Nf6
{[%clk 0:15:23]} 3. Nf3 {[%clk 0:15:32]} Nc6 {[%clk 0:15:22]} 4. a3
{[%clk 0:15:40]} g6 {[%clk 0:15:08]} 5. g3 {[%clk 0:15:47]} Bg7 {[%clk 0:15:17]}
6. Bg2 {[%clk 0:15:55]} O-O {[%clk 0:15:25]} 7. O-O {[%clk 0:15:47]} d6
{[%clk 0:14:55]} 8. d3 {[%clk 0:15:51]} h6 {[%clk 0:14:27]} 9. Rb1
{[%clk 0:15:50]} Bd7 {[%clk 0:12:27]} 10. b4 {[%clk 0:15:56]} Qc8
{[%clk 0:12:30]} 11. Bb2 {[%clk 0:15:24]} Bh3 {[%clk 0:12:21]} 12. e4
{[%clk 0:14:39]} Bg4 {[%clk 0:10:21]} 13. Nd5 {[%clk 0:14:29]} Nxd5
{[%clk 0:05:46]} 14. cxd5 {[%clk 0:14:13]} Nd4 {[%clk 0:05:55]} 15. Bxd4
{[%clk 0:14:09]} exd4 {[%clk 0:06:04]} 16. Qc2 {[%clk 0:14:05]} c6
{[%clk 0:05:56]} 17. dxc6 {[%clk 0:11:59]} Qxc6 {[%clk 0:06:04]} 18. Qxc6
{[%clk 0:12:07]} bxc6 {[%clk 0:06:13]} 19. Rfc1 {[%clk 0:12:16]} Rfc8
{[%clk 0:05:45]} 20. Nd2 {[%clk 0:12:17]} Rab8 {[%clk 0:01:01]} 21. Bf3
{[%clk 0:08:49]} Bd7 22. Nc4 {[%clk 0:02:41]} Bf8 {[%clk 0:01:10]} 23. a4
{[%clk 0:01:25]} Be6 {[%clk 0:00:22]} 24. Na5 {[%clk 0:01:18]} Bd7 25. Rc4 c5
{[%clk 0:00:13]} 26. b5 {[%clk 0:01:00]} Rb6 {[%clk 0:00:15]} 27. Rc2
{[%clk 0:00:46]} Be6 {[%clk 0:00:19]} 28. Rcb2 {[%clk 0:00:20]} c4
{[%clk 0:00:17]} 29. dxc4 {[%clk 0:00:29]} Bxc4 {[%clk 0:00:26]} 30. Rc1
{[%clk 0:00:30]} Be6 {[%clk 0:00:35]} 31. Rxc8 Bxc8 {[%clk 0:00:44]} 32. Rd2
{[%clk 0:00:36]} a6 {[%clk 0:00:31]} 33. Nc4 {[%clk 0:00:33]} Rb8
{[%clk 0:00:40]} 34. b6 {[%clk 0:00:14]} Be6 {[%clk 0:00:49]} 35. Rxd4
{[%clk 0:00:23]} Bg7 {[%clk 0:00:57]} 36. Rxd6 {[%clk 0:00:16]} Bxc4
{[%clk 0:01:06]} 37. a5 {[%clk 0:00:25]} Bb5 {[%clk 0:00:59]} 38. e5
{[%clk 0:00:19]} Bxe5 {[%clk 0:00:40]} 39. Rd5 {[%clk 0:00:27]} Bc6
{[%clk 0:00:47]} 40. Rxe5 {[%clk 0:00:22]} Bxf3 {[%clk 0:00:56]} 41. Re3
{[%clk 0:00:28]} Bd5 {[%clk 0:00:54]} 42. Rd3 {[%clk 0:00:30]} Be6
{[%clk 0:00:32]} 43. f4 {[%clk 0:00:28]} Kf8 {[%clk 0:00:41]} 44. Rc3
{[%clk 0:00:33]} Rb7 {[%clk 0:00:33]} 45. Kf2 {[%clk 0:00:37]} Ke7
{[%clk 0:00:36]} 46. Ke3 {[%clk 0:00:40]} Rd7 {[%clk 0:00:45]} 47. Rc5
{[%clk 0:00:37]} Rb7 {[%clk 0:00:14]} 48. Kd4 {[%clk 0:00:22]} Kd6
{[%clk 0:00:18]} 49. h4 {[%clk 0:00:15]} h5 {[%clk 0:00:23]} 50. Re5
{[%clk 0:00:18]} Re7 {[%clk 0:00:14]} 51. Rc5 {[%clk 0:00:21]} Bg4
{[%clk 0:00:13]} 52. Rc3 {[%clk 0:00:13]} Bh3 {[%clk 0:00:14]} 53. Rc2
{[%clk 0:00:17]} Bf5 {[%clk 0:00:16]} 1/2-1/2

[Event "TeamRussiamenrapid"]
[Site "?"]
[Date "2016.10.05"]
[Round "3.18"]
[White "Nechaev, Oleg"]
[Black "Paravyan, David"]
[Result "0-1"]
[LiveChessVersion "1.4.4"]
[BlackElo "2500"]
[WhiteElo "2366"]

1. c4 {[%clk 0:15:17]} c5 {[%clk 0:15:19]} 2. Nc3 {[%clk 0:15:25]} g6
{[%clk 0:15:26]} 3. g3 {[%clk 0:15:33]} Bg7 {[%clk 0:15:35]} 4. Bg2
{[%clk 0:15:42]} Nc6 {[%clk 0:15:44]} 5. e4 {[%clk 0:15:51]} e6 {[%clk 0:15:48]}
6. Nge2 {[%clk 0:15:59]} Nge7 {[%clk 0:15:57]} 7. O-O {[%clk 0:16:06]} O-O
{[%clk 0:16:05]} 8. d3 {[%clk 0:16:08]} a6 {[%clk 0:16:13]} 9. Be3
{[%clk 0:16:14]} Nd4 {[%clk 0:16:17]} 10. Rb1 {[%clk 0:16:13]} Nec6
{[%clk 0:16:24]} 11. Qd2 {[%clk 0:16:04]} b5 {[%clk 0:15:51]} 12. b3
{[%clk 0:14:23]} d6 {[%clk 0:15:39]} 13. cxb5 {[%clk 0:09:44]} Nxe2+
{[%clk 0:14:10]} 14. Nxe2 {[%clk 0:09:52]} axb5 {[%clk 0:13:26]} 15. e5
{[%clk 0:09:21]} Ra6 {[%clk 0:13:34]} 16. exd6 {[%clk 0:09:11]} Qxd6
{[%clk 0:13:40]} 17. Rfc1 {[%clk 0:08:47]} Nd4 {[%clk 0:13:49]} 18. Nxd4
{[%clk 0:08:47]} cxd4 {[%clk 0:13:55]} 19. Bg5 {[%clk 0:07:31]} Bd7
{[%clk 0:12:17]} 20. Rc2 {[%clk 0:07:18]} Bc6 {[%clk 0:11:17]} 21. Bxc6
{[%clk 0:07:25]} Rxc6 {[%clk 0:11:26]} 22. Rxc6 {[%clk 0:07:34]} Qxc6
{[%clk 0:11:35]} 23. Rc1 {[%clk 0:07:43]} Qd5 {[%clk 0:10:54]} 24. Bh6
{[%clk 0:07:31]} Ra8 {[%clk 0:10:58]} 25. Bxg7 {[%clk 0:07:37]} Kxg7
{[%clk 0:11:05]} 26. Rc2 {[%clk 0:07:35]} Qf3 {[%clk 0:11:05]} 27. Qe2
{[%clk 0:07:26]} Qf5 {[%clk 0:09:40]} 28. Kg2 {[%clk 0:07:35]} Ra7
{[%clk 0:08:11]} 29. Qf3 {[%clk 0:07:36]} Qe5 {[%clk 0:07:59]} 30. h4
{[%clk 0:07:20]} h5 {[%clk 0:08:08]} 31. Qc6 {[%clk 0:07:19]} b4 {[%clk 0:08:08]}
32. Qb6 {[%clk 0:06:05]} Qd5+ {[%clk 0:08:17]} 33. Kh2 {[%clk 0:06:14]} Rb7
{[%clk 0:08:24]} 34. Qc6 {[%clk 0:05:39]} Qxc6 {[%clk 0:08:33]} 35. Rxc6
{[%clk 0:05:48]} Ra7 {[%clk 0:08:42]} 36. Kg2 {[%clk 0:05:53]} Rxa2
{[%clk 0:08:45]} 37. Rc4 {[%clk 0:06:02]} e5 {[%clk 0:08:48]} 38. Kf3
{[%clk 0:06:02]} f5 {[%clk 0:08:30]} 39. Rc7+ {[%clk 0:05:55]} Kf6
{[%clk 0:08:39]} 40. Rc6+ {[%clk 0:05:51]} Kf7 {[%clk 0:08:48]} 41. Rc7+
{[%clk 0:05:57]} Ke6 {[%clk 0:08:57]} 42. Rc6+ {[%clk 0:06:03]} Kd5
{[%clk 0:09:06]} 43. Rxg6 {[%clk 0:06:12]} e4+ {[%clk 0:08:12]} 44. dxe4+
{[%clk 0:05:59]} fxe4+ {[%clk 0:08:21]} 45. Kg2 {[%clk 0:06:09]} e3
{[%clk 0:08:29]} 46. Rg5+ {[%clk 0:06:15]} Ke4 {[%clk 0:08:35]} 47. Rxh5
{[%clk 0:06:23]} Rxf2+ {[%clk 0:08:29]} 48. Kg1 {[%clk 0:06:15]} d3
{[%clk 0:08:38]} 49. Rh8 {[%clk 0:06:21]} d2 {[%clk 0:08:44]} 50. Kg2
{[%clk 0:15:10]} Ke5+ {[%clk 0:15:10]} 0-1

[Event "TeamRussiamenrapid"]
[Site "?"]
[Date "2016.10.05"]
[Round "3.19"]
[White "Matinian, Nikita"]
[Black "Rozhko, Dmitry"]
[Result "1-0"]
[LiveChessVersion "1.4.4"]
[BlackElo "2280"]
[WhiteElo "2493"]

1. e4 {[%clk 0:15:19]} e6 {[%clk 0:15:19]} 2. d4 {[%clk 0:15:28]} d5
{[%clk 0:15:28]} 3. Nc3 {[%clk 0:15:37]} Bb4 {[%clk 0:15:29]} 4. e5
{[%clk 0:15:46]} c5 {[%clk 0:15:39]} 5. a3 {[%clk 0:15:55]} Bxc3+
{[%clk 0:15:48]} 6. bxc3 {[%clk 0:16:04]} Ne7 {[%clk 0:15:57]} 7. Qg4
{[%clk 0:16:13]} O-O {[%clk 0:16:05]} 8. Nf3 {[%clk 0:15:36]} f5 {[%clk 0:15:57]}
9. Qg3 {[%clk 0:15:16]} Nbc6 {[%clk 0:15:15]} 10. Bd3 {[%clk 0:15:18]} Qa5
{[%clk 0:15:08]} 11. Bd2 {[%clk 0:15:17]} Qa4 {[%clk 0:14:39]} 12. dxc5
{[%clk 0:15:10]} b6 {[%clk 0:12:04]} 13. cxb6 axb6 14. O-O {[%clk 0:15:16]} Na5
{[%clk 0:11:38]} 15. Rfb1 {[%clk 0:14:42]} Nc4 {[%clk 0:11:01]} 16. Rb4
{[%clk 0:14:46]} Qc6 {[%clk 0:10:55]} 17. Nd4 {[%clk 0:14:07]} Qc5
{[%clk 0:09:17]} 18. Bc1 {[%clk 0:12:14]} Bd7 {[%clk 0:08:53]} 19. h4
{[%clk 0:12:23]} Qc7 {[%clk 0:04:27]} 20. h5 {[%clk 0:11:53]} Nc6
{[%clk 0:02:19]} 21. Nxc6 {[%clk 0:11:31]} Bxc6 {[%clk 0:02:28]} 22. Bxc4
{[%clk 0:11:29]} dxc4 {[%clk 0:02:37]} 23. Rxc4 {[%clk 0:11:35]} Qb7
{[%clk 0:02:31]} 24. Rd4 {[%clk 0:11:02]} Rad8 {[%clk 0:01:56]} 25. Rd6
{[%clk 0:11:06]} Bd5 {[%clk 0:01:55]} 26. h6 {[%clk 0:10:52]} b5 {[%clk 0:01:23]}
27. Bg5 {[%clk 0:09:30]} Rd7 {[%clk 0:01:21]} 28. Rd1 {[%clk 0:09:31]} g6
{[%clk 0:01:18]} 29. Bf4 {[%clk 0:09:15]} Rc7 {[%clk 0:01:17]} 30. Qg5
{[%clk 0:08:27]} Rc5 {[%clk 0:00:50]} 31. Rd4 {[%clk 0:07:29]} Rxc3
{[%clk 0:00:48]} 32. R4xd5 {[%clk 0:07:34]} exd5 {[%clk 0:00:57]} 33. Rxg6+
{[%clk 0:07:31]} hxg6 {[%clk 0:00:45]} 34. Qxg6+ {[%clk 0:07:40]} Kh8
{[%clk 0:00:54]} 35. e6 {[%clk 0:07:49]} 1-0

[Event "TeamRussiamenrapid"]
[Site "?"]
[Date "2016.10.05"]
[Round "3.20"]
[White "Shandrygin, Nikita"]
[Black "Vastrukhin, Oleg"]
[Result "1/2-1/2"]
[LiveChessVersion "1.4.4"]
[BlackElo "2456"]
[WhiteElo "2298"]

1. Nf3 {[%clk 0:15:19]} g6 {[%clk 0:15:12]} 2. g3 {[%clk 0:15:28]} Bg7
{[%clk 0:15:22]} 3. d4 {[%clk 0:15:36]} Nf6 {[%clk 0:15:31]} 4. Bg2
{[%clk 0:15:46]} O-O {[%clk 0:15:39]} 5. O-O {[%clk 0:15:54]} d5 {[%clk 0:15:48]}
6. c4 {[%clk 0:16:00]} c6 {[%clk 0:15:57]} 7. cxd5 {[%clk 0:15:51]} cxd5
{[%clk 0:16:03]} 8. Nc3 {[%clk 0:16:00]} Nc6 {[%clk 0:16:12]} 9. Qb3
{[%clk 0:14:41]} Na5 {[%clk 0:16:07]} 10. Qb4 {[%clk 0:14:07]} Re8
{[%clk 0:15:48]} 11. Ne5 {[%clk 0:13:58]} e6 {[%clk 0:15:34]} 12. Bd2
{[%clk 0:12:09]} b6 {[%clk 0:14:06]} 13. Rac1 {[%clk 0:11:17]} Nd7
{[%clk 0:13:59]} 14. Nf3 {[%clk 0:09:28]} Bb7 {[%clk 0:12:35]} 15. Qa4
{[%clk 0:08:40]} a6 {[%clk 0:11:35]} 16. Qd1 {[%clk 0:07:19]} Rc8
{[%clk 0:11:12]} 17. b3 {[%clk 0:07:21]} Nc6 {[%clk 0:11:11]} 18. Bg5
{[%clk 0:06:30]} Nf6 {[%clk 0:11:19]} 19. Qd2 {[%clk 0:05:36]} Qd6
{[%clk 0:11:24]} 20. Bxf6 {[%clk 0:01:54]} Bxf6 21. e4 Bg7 {[%clk 0:10:59]} 22.
exd5 {[%clk 0:01:24]} exd5 {[%clk 0:11:07]} 23. Na4 {[%clk 0:01:25]} Ne7
{[%clk 0:10:58]} 24. Rfe1 {[%clk 0:00:28]} Nf5 {[%clk 0:11:00]} 25. Rxc8
{[%clk 0:00:23]} Rxc8 {[%clk 0:11:09]} 26. Ne5 {[%clk 0:00:24]} Re8
{[%clk 0:10:20]} 27. f4 {[%clk 0:00:18]} h5 {[%clk 0:10:10]} 28. Bh3
{[%clk 0:00:23]} Bc8 {[%clk 0:10:07]} 29. Bg2 {[%clk 0:00:15]} Bd7
{[%clk 0:09:35]} 30. Nc3 {[%clk 0:00:19]} Be6 {[%clk 0:09:39]} 31. Rc1
{[%clk 0:00:18]} Qb4 {[%clk 0:09:32]} 32. Nc6 {[%clk 0:00:23]} Qd6
{[%clk 0:09:21]} 33. Ne5 {[%clk 0:00:26]} Rc8 {[%clk 0:09:19]} 34. Ne2
{[%clk 0:00:27]} Rxc1+ {[%clk 0:09:15]} 35. Nxc1 {[%clk 0:00:29]} Qa3
{[%clk 0:09:13]} 36. Ne2 {[%clk 0:00:34]} Nd6 {[%clk 0:09:17]} 37. Nc3
{[%clk 0:00:29]} Qb4 {[%clk 0:09:12]} 38. Nc6 {[%clk 0:00:34]} Qa3
{[%clk 0:08:30]} 39. Nxd5 {[%clk 0:00:29]} h4 {[%clk 0:08:05]} 40. Nc3
{[%clk 0:00:16]} Nf5 {[%clk 0:08:03]} 41. Kf2 {[%clk 0:00:15]} Qd6
{[%clk 0:07:57]} 42. Ne4 {[%clk 0:00:17]} Bxd4+ {[%clk 0:05:27]} 43. Nxd4
{[%clk 0:00:14]} Qxd4+ {[%clk 0:05:35]} 44. Qxd4 {[%clk 0:00:21]} hxg3+
{[%clk 0:05:44]} 45. hxg3 {[%clk 0:00:29]} Nxd4 {[%clk 0:05:52]} 46. Nc3
{[%clk 0:00:16]} Kf8 {[%clk 0:05:42]} 47. Na4 {[%clk 0:00:23]} b5
{[%clk 0:05:26]} 48. Nc5 {[%clk 0:00:32]} a5 {[%clk 0:05:34]} 49. Be4
{[%clk 0:00:19]} a4 {[%clk 0:04:54]} 50. bxa4 {[%clk 0:00:15]} bxa4
{[%clk 0:04:48]} 51. Nxa4 {[%clk 0:00:15]} 1/2-1/2

[Event "TeamRussiamenrapid"]
[Site "?"]
[Date "2016.10.05"]
[Round "4.1"]
[White "Bologan, Victor"]
[Black "Savchenko, Boris"]
[Result "1-0"]
[LiveChessVersion "1.4.4"]
[BlackElo "2676"]
[WhiteElo "2569"]

1. e4 {[%clk 0:15:19]} c5 {[%clk 0:15:19]} 2. Nf3 {[%clk 0:15:28]} g6
{[%clk 0:15:28]} 3. d4 {[%clk 0:15:31]} cxd4 {[%clk 0:15:37]} 4. Nxd4
{[%clk 0:15:40]} Nc6 {[%clk 0:15:45]} 5. Nc3 {[%clk 0:15:47]} Bg7
{[%clk 0:15:54]} 6. Be3 {[%clk 0:15:56]} Nf6 {[%clk 0:16:02]} 7. Bc4
{[%clk 0:15:55]} O-O {[%clk 0:16:05]} 8. Bb3 {[%clk 0:16:03]} d6 {[%clk 0:15:50]}
9. h3 {[%clk 0:16:08]} Bd7 {[%clk 0:14:50]} 10. O-O {[%clk 0:16:13]} Nxd4
{[%clk 0:13:32]} 11. Bxd4 {[%clk 0:16:21]} Bc6 {[%clk 0:13:41]} 12. Qd3
{[%clk 0:16:01]} e6 {[%clk 0:12:05]} 13. Rad1 {[%clk 0:15:50]} Qc7
{[%clk 0:11:20]} 14. Qf3 {[%clk 0:15:06]} Qe7 {[%clk 0:10:30]} 15. a4
{[%clk 0:14:43]} Rfd8 {[%clk 0:10:07]} 16. Rfe1 {[%clk 0:14:24]} Nd7
{[%clk 0:09:39]} 17. Bxg7 {[%clk 0:08:40]} Kxg7 {[%clk 0:09:47]} 18. Qg3
{[%clk 0:08:13]} Nc5 {[%clk 0:09:49]} 19. f4 {[%clk 0:07:58]} Kh8
{[%clk 0:08:46]} 20. Qe3 {[%clk 0:07:38]} Nxb3 {[%clk 0:06:00]} 21. cxb3
{[%clk 0:07:47]} a5 {[%clk 0:06:09]} 22. Rd3 {[%clk 0:07:41]} e5 {[%clk 0:05:07]}
23. Red1 {[%clk 0:07:41]} Kg7 {[%clk 0:03:51]} 24. Qd2 {[%clk 0:06:19]} exf4
{[%clk 0:03:50]} 25. Qxf4 {[%clk 0:06:25]} Qe6 {[%clk 0:03:46]} 26. h4
{[%clk 0:05:34]} h5 {[%clk 0:03:07]} 27. Rxd6 {[%clk 0:04:09]} Rxd6
{[%clk 0:03:15]} 28. Rxd6 {[%clk 0:04:18]} Qxb3 {[%clk 0:03:24]} 29. Qf6+
{[%clk 0:04:15]} Kg8 {[%clk 0:03:28]} 30. Nd5 {[%clk 0:04:09]} Re8
{[%clk 0:02:40]} 31. Rd8 {[%clk 0:03:30]} Rxd8 {[%clk 0:02:31]} 32. Qxd8+
{[%clk 0:03:38]} Kh7 {[%clk 0:02:26]} 33. Nf6+ {[%clk 0:02:36]} Kg7
{[%clk 0:02:34]} 34. Qd4 {[%clk 0:02:46]} Qxa4 {[%clk 0:00:36]} 35. Nxh5+
{[%clk 0:01:53]} Kf8 {[%clk 0:00:45]} 36. Qd6+ {[%clk 0:01:40]} Kg8
{[%clk 0:00:54]} 37. Qd8+ {[%clk 0:01:45]} Kh7 {[%clk 0:00:58]} 38. Nf6+
{[%clk 0:01:53]} Kg7 {[%clk 0:01:05]} 39. e5 {[%clk 0:01:57]} Be8
{[%clk 0:00:21]} 40. Nxe8+ {[%clk 0:02:04]} Kh6 {[%clk 0:00:30]} 41. Qg5+
{[%clk 0:01:52]} Kh7 {[%clk 0:00:39]} 42. Nf6+ {[%clk 0:01:52]} Kg7
{[%clk 0:00:48]} 43. Ng4 {[%clk 0:01:43]} Qd4+ {[%clk 0:00:56]} 44. Kh2
{[%clk 0:01:51]} 1-0

[Event "TeamRussiamenrapid"]
[Site "?"]
[Date "2016.10.05"]
[Round "4.2"]
[White "Bocharov, Dmitry"]
[Black "Ponkratov, Pavel"]
[Result "1/2-1/2"]
[LiveChessVersion "1.4.4"]
[BlackElo "2654"]
[WhiteElo "2612"]

1. Nf3 {[%clk 0:15:06]} Nf6 {[%clk 0:15:18]} 2. c4 {[%clk 0:15:12]} e6
{[%clk 0:15:11]} 3. g3 {[%clk 0:15:19]} b6 {[%clk 0:15:19]} 4. Bg2
{[%clk 0:15:21]} Bb7 {[%clk 0:15:28]} 5. O-O {[%clk 0:15:24]} c5 {[%clk 0:15:35]}
6. Nc3 {[%clk 0:15:29]} Be7 {[%clk 0:15:40]} 7. Re1 {[%clk 0:15:37]} Ne4
{[%clk 0:15:48]} 8. Nxe4 {[%clk 0:14:58]} Bxe4 {[%clk 0:15:57]} 9. d3
{[%clk 0:12:55]} Bb7 {[%clk 0:16:04]} 10. e4 {[%clk 0:13:04]} Nc6
{[%clk 0:16:13]} 11. d4 {[%clk 0:12:49]} Nxd4 {[%clk 0:16:21]} 12. Nxd4
{[%clk 0:12:57]} cxd4 {[%clk 0:16:30]} 13. Qxd4 {[%clk 0:13:05]} O-O
{[%clk 0:16:37]} 14. Bf4 {[%clk 0:13:07]} d6 {[%clk 0:16:34]} 15. Qd3
{[%clk 0:13:10]} Qc7 {[%clk 0:16:00]} 16. Rac1 {[%clk 0:13:11]} Rfd8
{[%clk 0:16:06]} 17. h4 {[%clk 0:13:02]} Rac8 {[%clk 0:16:12]} 18. b4
{[%clk 0:13:02]} Ba6 {[%clk 0:15:55]} 19. Bf1 {[%clk 0:12:23]} Qb8
{[%clk 0:14:57]} 20. a3 {[%clk 0:11:04]} Qa8 {[%clk 0:15:00]} 21. Bg2
{[%clk 0:10:33]} Bb7 {[%clk 0:14:54]} 22. Re2 {[%clk 0:10:14]} h6
{[%clk 0:14:57]} 23. Qb3 {[%clk 0:09:27]} Rd7 {[%clk 0:14:46]} 24. Rcc2
{[%clk 0:09:09]} Rdc7 {[%clk 0:14:44]} 25. Qd3 {[%clk 0:09:00]} Rd8
{[%clk 0:12:21]} 26. Qb3 {[%clk 0:08:36]} Rdc8 {[%clk 0:12:20]} 27. Qd3
{[%clk 0:08:34]} Rd8 {[%clk 0:12:29]} 28. a4 {[%clk 0:08:38]} Qc8
{[%clk 0:12:14]} 29. Be3 {[%clk 0:08:26]} d5 {[%clk 0:09:37]} 30. cxd5
{[%clk 0:07:24]} exd5 {[%clk 0:09:43]} 31. exd5 {[%clk 0:04:26]} Bxb4
{[%clk 0:09:50]} 32. Qb3 {[%clk 0:03:43]} Rc3 {[%clk 0:05:41]} 33. Rxc3
{[%clk 0:02:58]} Qxc3 {[%clk 0:05:49]} 34. Qd1 {[%clk 0:01:29]} Qc4
{[%clk 0:04:29]} 35. Bf4 {[%clk 0:01:33]} Bf8 {[%clk 0:01:56]} 36. Rd2
{[%clk 0:01:38]} Qb4 {[%clk 0:01:15]} 37. d6 {[%clk 0:01:40]} Bxg2
{[%clk 0:01:23]} 38. Kxg2 {[%clk 0:01:49]} g5 {[%clk 0:00:52]} 39. hxg5
{[%clk 0:01:26]} hxg5 {[%clk 0:01:01]} 40. Bxg5 {[%clk 0:01:07]} Rxd6
{[%clk 0:01:08]} 41. Rxd6 {[%clk 0:01:14]} 1/2-1/2

[Event "TeamRussiamenrapid"]
[Site "?"]
[Date "2016.10.05"]
[Round "4.3"]
[White "Pridorozhni, Aleksei"]
[Black "Zablotsky, Sergei"]
[Result "1/2-1/2"]
[LiveChessVersion "1.4.4"]
[BlackElo "2493"]
[WhiteElo "2628"]

1. e4 {[%clk 0:15:19]} d6 {[%clk 0:15:05]} 2. d4 {[%clk 0:15:27]} Nf6
{[%clk 0:15:12]} 3. Nc3 {[%clk 0:15:35]} g6 {[%clk 0:15:20]} 4. Bg5
{[%clk 0:15:39]} Bg7 {[%clk 0:15:25]} 5. Qd2 {[%clk 0:15:45]} c6 {[%clk 0:15:30]}
6. f3 {[%clk 0:15:28]} Nbd7 {[%clk 0:15:21]} 7. h4 {[%clk 0:15:33]} b5
{[%clk 0:13:39]} 8. Nge2 {[%clk 0:15:37]} h6 {[%clk 0:13:29]} 9. Be3
{[%clk 0:15:45]} Nb6 {[%clk 0:13:37]} 10. b3 {[%clk 0:15:45]} a6 {[%clk 0:12:09]}
11. Nf4 {[%clk 0:14:59]} Nfd7 {[%clk 0:11:26]} 12. a4 {[%clk 0:14:30]} Bb7
{[%clk 0:11:34]} 13. a5 {[%clk 0:12:47]} Nc8 {[%clk 0:11:42]} 14. Be2
{[%clk 0:12:29]} e6 {[%clk 0:11:47]} 15. Nd3 {[%clk 0:10:55]} Ne7
{[%clk 0:09:56]} 16. b4 {[%clk 0:10:36]} Qc7 {[%clk 0:09:31]} 17. Nd1
{[%clk 0:09:37]} c5 {[%clk 0:09:29]} 18. c3 {[%clk 0:09:45]} c4 {[%clk 0:09:27]}
19. N3f2 {[%clk 0:09:14]} O-O-O {[%clk 0:07:13]} 20. Nh3 {[%clk 0:08:20]} f5
{[%clk 0:06:49]} 21. Ndf2 {[%clk 0:08:15]} Nf6 {[%clk 0:06:24]} 22. Qc2
{[%clk 0:08:19]} Nh5 {[%clk 0:05:44]} 23. O-O-O {[%clk 0:07:36]} Rdf8
{[%clk 0:05:38]} 24. Rhg1 {[%clk 0:06:26]} f4 {[%clk 0:05:26]} 25. Bd2
{[%clk 0:06:34]} e5 {[%clk 0:05:34]} 26. dxe5 {[%clk 0:06:17]} dxe5
{[%clk 0:05:33]} 27. Nh1 {[%clk 0:06:20]} Rd8 {[%clk 0:03:49]} 28. Be1
{[%clk 0:06:28]} Rxd1+ {[%clk 0:03:50]} 29. Qxd1 {[%clk 0:06:36]} Rd8
{[%clk 0:03:39]} 30. Qc2 {[%clk 0:06:44]} Nc6 {[%clk 0:03:45]} 31. Bf2
{[%clk 0:06:08]} Nxb4 {[%clk 0:04:02]} 32. cxb4 {[%clk 0:05:56]} 1/2-1/2

[Event "TeamRussiamenrapid"]
[Site "?"]
[Date "2016.10.05"]
[Round "4.4"]
[White "Evdokimov, Alexander A."]
[Black "Kryakvin, Dmitry"]
[Result "1-0"]
[LiveChessVersion "1.4.4"]
[BlackElo "2538"]
[WhiteElo "2467"]

1. d4 {[%clk 0:15:18]} Nf6 {[%clk 0:15:19]} 2. Nf3 {[%clk 0:15:26]} g6
{[%clk 0:15:28]} 3. Bf4 {[%clk 0:15:22]} Bg7 {[%clk 0:15:33]} 4. e3
{[%clk 0:15:27]} O-O {[%clk 0:15:40]} 5. h3 {[%clk 0:15:36]} d6 {[%clk 0:15:44]}
6. Be2 {[%clk 0:15:40]} Nc6 {[%clk 0:15:32]} 7. O-O {[%clk 0:15:18]} Nd7
{[%clk 0:15:25]} 8. Bh2 {[%clk 0:15:21]} e5 {[%clk 0:15:27]} 9. c3
{[%clk 0:15:26]} Qe7 {[%clk 0:14:34]} 10. b4 {[%clk 0:13:57]} a5 {[%clk 0:14:03]}
11. b5 {[%clk 0:13:57]} Nd8 {[%clk 0:14:08]} 12. a4 {[%clk 0:13:53]} b6
{[%clk 0:13:51]} 13. c4 {[%clk 0:12:30]} Bb7 {[%clk 0:12:35]} 14. Nc3
{[%clk 0:12:39]} e4 {[%clk 0:10:07]} 15. Nd2 {[%clk 0:12:48]} f5 {[%clk 0:10:14]}
16. Rc1 {[%clk 0:12:43]} Nf7 {[%clk 0:09:49]} 17. Nb3 {[%clk 0:10:36]} Rfd8
{[%clk 0:07:31]} 18. Qc2 {[%clk 0:09:48]} Kh8 {[%clk 0:07:39]} 19. Rfd1
{[%clk 0:09:54]} Rac8 {[%clk 0:06:53]} 20. Nb1 {[%clk 0:09:32]} c5
{[%clk 0:04:32]} 21. bxc6 {[%clk 0:09:36]} Bxc6 {[%clk 0:04:40]} 22. Nc3
{[%clk 0:09:44]} Nb8 {[%clk 0:04:15]} 23. Qb1 {[%clk 0:09:32]} Qd7
{[%clk 0:03:59]} 24. c5 {[%clk 0:08:39]} dxc5 {[%clk 0:03:31]} 25. dxc5
{[%clk 0:08:40]} Qb7 {[%clk 0:03:36]} 26. Rxd8+ {[%clk 0:08:12]} Rxd8
{[%clk 0:03:19]} 27. Nb5 {[%clk 0:08:21]} Na6 {[%clk 0:02:08]} 28. cxb6
{[%clk 0:04:21]} Qxb6 {[%clk 0:02:12]} 29. N3d4 {[%clk 0:04:30]} Bd7
{[%clk 0:01:25]} 30. Nd6 {[%clk 0:04:06]} Bxd4 {[%clk 0:00:25]} 31. Nxf7+
{[%clk 0:04:06]} Kg7 {[%clk 0:00:18]} 32. Qxb6 {[%clk 0:04:10]} Bxb6
{[%clk 0:00:25]} 33. Nxd8 {[%clk 0:04:18]} Nc5 {[%clk 0:00:23]} 34. Be5+
{[%clk 0:04:16]} Kh6 {[%clk 0:00:33]} 35. Nf7# {[%clk 0:04:22]} 1-0